Grandes temas y personalidades de la cábala
Zapisane w:
| 1. autor: | |
|---|---|
| Format: | Książka |
| Język: | hiszpański |
| Wydane: |
Barcelona
Riopiedras
1994
|
| Seria: | Colección Cábala
|
| Hasła przedmiotowe: | |
| Etykiety: |
Dodaj etykietę
Nie ma etykietki, Dołącz pierwszą etykiete!
|
MARC
| LEADER | 00000nam a2200000 a 4500 | ||
|---|---|---|---|
| 001 | UCP5802 | ||
| 003 | CL-VaPUC | ||
| 008 | 991001e19940000SP |||||||||||||||||spa|d | ||
| 082 | 0 | 4 | |a 296.16 |b SCH |2 21 |
| 100 | 0 | |a Scholem, Gershom G |e author |9 434399 | |
| 245 | 1 | 0 | |a Grandes temas y personalidades de la cábala |
| 300 | |a 299 p | ||
| 942 | |c BK | ||
| 945 | |d 19991001 00:00:00 |a rbrito | ||
| 260 | |a Barcelona |b Riopiedras |c 1994 | ||
| 650 | 0 | |a Misticismo |9 265505 | |
| 650 | 7 | |a ESOTERISMO |2 CL-VaPUC |9 369448 | |
| 650 | 0 | |a Judaísmo |9 269348 | |
| 650 | 0 | |a Judíos |9 313771 | |
| 650 | 7 | |a RELIGION JUDIA |2 CL-VaPUC |9 434400 | |
| 583 | |a last modification |c 19991001 00:00:00 |k Rodrigo Vera | ||
| 490 | 0 | |a Colección Cábala | |
| 999 | |c 283466 |d 283464 | ||
| 952 | |0 0 |1 0 |4 0 |6 296_160000000000000_SCH_1994 |7 0 |8 A |9 326649 |a BIBTEO |b BIBTEO |d 2019-11-20 |i 3559947 |o 296.16 SCH 1994 |p 3559947 |r 2023-01-25 |w 2019-11-20 |y BK |k ICR | ||